000 00875nam a2200277 a 4500
001 000014231
005 20200929163530.0
008 091207s2000 sp 000 f spa d
020 _a8466300147
040 _aDO-SdBNP
_bspa
_cBNPHU
041 1 7 _aspa
_heng
_2Código de idioma MARC
082 _a823.914
_bP462p
100 1 _aPerry, Anne,
_d1938-
_932146
240 1 0 _aSins of the wolf.
_lEspañol
245 1 4 _aLos pecados del lobo /
_cAnne Perry ; traducción de Victoria Simó.
260 _a[Madrid] :
_bSuma de Letras,
_c2000.
300 _a543 p. ;
_c18 cm.
490 1 _aPunto de lectura
_v57/1
534 _pTítulo original en inglés:
_tSins of the wolf
_c1994
650 4 _aNovela inglesa
_91071
650 4 _aLiteratura inglesa
_9498
700 1 _aSimó, Victoria,
_etr.
_932147
830 0 _aPunto de lectura ;
_v57/1
_93047
910 _aWM
049 _aBNGR
999 _c13830
_d13830